Guía para el reconocimiento de enfermedades en el cultivo del tomate

Guardado en:
Autor Principal: Sosa, Mirta Alejandra.
Autor Corporativo: Instituto Nacional de Tecnología Agropecuaria (Argentina). Estación Experimental Agropecuria El Colorado.
Formato: Electrónico
Idioma:Spanish
Publicado: El Colorado, Formosa : INTA EEA El Colorado, 2013.
Materias:
Acceso en línea:Acceso a texto completo
Etiquetas: Agregar Etiqueta
Sin Etiquetas, Sea el primero en etiquetar este registro!
LEADER 00961nmm a22001935a 4500
001 EEA.libagro010486
008 150828s2013####ag#########m########spa#d
005 20200423131851.0
245 1 0 |a Guía para el reconocimiento de enfermedades en el cultivo del tomate  |h [recurso electrónico] /  |c Mirta Alejandra Sosa. 
260 |a El Colorado, Formosa :  |b INTA EEA El Colorado,  |c 2013. 
500 |a Título tomado de inta.gob.ar (visto el 28 de agosto de 2015). 
538 |a Modo de acceso: World Wide Web. 
100 1 |a Sosa, Mirta Alejandra. 
710 2 |a Instituto Nacional de Tecnología Agropecuaria (Argentina).  |b Estación Experimental Agropecuria El Colorado. 
650 7 |a Tomate  |2 agrovoc 
650 7 |a Enfermedades de las plantas  |2 agrovoc 
650 7 |a Fitopatología  |2 agrovoc 
655 7 |a Libros electrónicos. 
856 4 0 |3 Acceso a texto completo  |u http://inta.gob.ar/sites/default/files/script-tmp-inta%5Fguia%5Fde%5Freconocimiento%5Fde%5Fenfermedades%5Fen%5Fel%5Fcul.pdf